KERELA SOCIETY AND POLITICS: AN HISTORICAL SURVEY (Record no. 28056)
[ view plain ]
| 000 -LEADER | |
|---|---|
| fixed length control field | 00330nam a22001337a 4500 |
| 003 - CONTROL NUMBER IDENTIFIER | |
| control field | SGT |
| 082 ## - DEWEY DECIMAL CLASSIFICATION NUMBER | |
| Classification number | 954 |
| Item number | K84N |
| 100 ## - MAIN ENTRY--PERSONAL NAME | |
| Personal name | NAMBOODIRIPAD, E.M.S. |
| 245 ## - TITLE STATEMENT | |
| Title | KERELA SOCIETY AND POLITICS: AN HISTORICAL SURVEY |
| 260 ## - PUBLICATION, DISTRIBUTION, ETC. (IMPRINT) | |
| Name of publisher, distributor, etc | NATIONAL BOOK AGENCY PVT.LTD. |
| Year of Publication | 1984 |
| 300 ## - PAGE DESCRIPTION | |
| No. of Pages | 244 |
| 650 ## - SUBJECT ADDED ENTRY--TOPICAL TERM | |
| Topical term or geographic name as entry element | HISTORY OF INDIA |
| 942 ## - ADDED ENTRY ELEMENTS (KOHA) | |
| Source of classification or shelving scheme | Dewey Decimal Classification |
| Koha item type | Books |
| Withdrawn status | Lost status | Source of classification or shelving scheme | Damaged status | Not for loan | Home library | Current library | Shelving location | Date acquired | Cost, normal purchase price | SGTU | Total Checkouts | Full call number | Accession No. (Barcode) | Date last seen | Bill Date | Koha item type |
|---|---|---|---|---|---|---|---|---|---|---|---|---|---|---|---|---|
| Dewey Decimal Classification | Not For Loan | SGT Chancellor's Library | SGT Chancellor's Library | Reference Book | 12/12/2024 | 15.00 | SGTU | 954 K84N | CH1022 | 12/12/2024 | 12/12/2024 | Books |